000 00443ntaaa2200181 4500
003 01
005 20251027202808.0
008 0714s1973 ag 01
040 _aAR-BaBN
_bspa
_cAR-BaBN
_eaacr
_dRIC
082 _a868.7200 N35
100 _aNervo, Amado
245 _aSerenidad en voz baja
250 _a1 ed.
260 _aBuenos Aires :
_bBiblioteca de Grandes Obras,
_cs.f.
300 _a143 p
500 _aPoesía mexicana
942 _cBK
999 _c23304
_d23304